Statistics for Rugby Six Nations Player of the Tournament

Click here to take the quiz!

General Stats

  • This quiz has been taken 14 times
  • The average score is 8 of 13

Answer Stats

Winner % Correct
Brian O'Driscoll
100%
Alun Wyn Jones
82%
Shane Williams
82%
Paul O'Connell
73%
Martyn Williams
73%
Stuart Hogg
64%
Mike Brown
64%
Leigh Halfpenny
64%
Jacob Stockdale
55%
Dan Lydiate
36%
Tommy Bowe
36%
Gordon D'Arcy
27%
Andrea Masi
9%

Score Distribution

Percentile by Number Answered

Percent of People with Each Score

Your Score History

You have not taken this quiz